[Event "St.Petersburg Summer Open"]
[Site "St Petersburg RUS"]
[Date "2016.08.17"]
[Round "1.1"]
[White "Triapishko, Olexandr"]
[Black "Grigoriev, Oleg"]
[Result "1-0"]
[WhiteElo "2466"]
[BlackElo "2033"]
[WhiteFideId "14122286"]
[BlackFideId "24175528"]
[EventDate "2016.08.17"]

1. d4 d5 2. Nc3 Nf6 3. Bf4 c5 4. e3 a6 5. Nf3 Nc6 6. h3 e6 7. a3 Bd6 8. dxc5
Bxf4 9. exf4 Qe7 10. b4 e5 11. Be2 exf4 12. O-O O-O 13. Re1 Be6 14. Bd3 h6 15.
Ne2 g5 16. Ned4 Nxd4 17. Nxd4 Qd7 18. Re5 Rae8 19. Qe2 Ne4 20. Bxe4 dxe4 21.
Qxe4 f5 22. Qd3 Bd5 23. Rxe8 Qxe8 24. Nxf5 Qe5 25. Qxd5+ 1-0

[Event "St.Petersburg Summer Open"]
[Site "St Petersburg RUS"]
[Date "2016.08.17"]
[Round "1.2"]
[White "Egorov, Daniil"]
[Black "Lovkov, Roman"]
[Result "1/2-1/2"]
[BlackTitle "IM"]
[WhiteElo "2030"]
[BlackElo "2451"]
[WhiteFideId "24171956"]
[BlackFideId "4157389"]
[EventDate "2016.08.17"]

1. e4 c6 2. d4 d5 3. exd5 cxd5 4. Bd3 Nc6 5. c3 Qc7 6. Ne2 Bg4 7. O-O e6 8. Qe1
Bd6 9. f3 Bf5 10. Bxf5 exf5 11. Nf4+ Nge7 12. Nxd5 Bxh2+ 13. Kh1 Qd6 14. Nxe7
Nxe7 15. Bg5 f6 16. Bd2 Bg3 17. Qe2 f4 18. Qb5+ Kf7 19. Qh5+ g6 20. Qb5 a6 21.
Qb3+ Kg7 22. Be1 f5 23. Bxg3 fxg3 24. Re1 Rhe8 25. Nd2 Qf6 26. Kg1 Qh4 27. Nf1
f4 28. Qxb7 Rab8 29. Qd7 Kf8 30. Qd6 Rbd8 31. Qc7 Rd5 32. Re5 Rxe5 33. dxe5 Nf5
34. Re1 Ne3 35. Nxe3 fxe3 36. Qc5+ Kg8 37. Qxe3 Qh2+ 38. Kf1 Qh1+ 39. Qg1 Qh6
40. Qd4 Qh1+ 41. Qg1 Qh5 42. Qc5 Qh1+ 43. Qg1 Qh5 44. Qc5 1/2-1/2

[Event "St.Petersburg Summer Open"]
[Site "St Petersburg RUS"]
[Date "2016.08.17"]
[Round "1.3"]
[White "Usmanov, Vasily"]
[Black "Korobitsyn, Daniil"]
[Result "1-0"]
[WhiteTitle "IM"]
[WhiteElo "2423"]
[BlackElo "2021"]
[WhiteFideId "4135741"]
[BlackFideId "24120472"]
[EventDate "2016.08.17"]

1. d4 Nf6 2. c4 g6 3. Nc3 Bg7 4. e4 d6 5. Be2 O-O 6. Bg5 c5 7. d5 b5 8. cxb5 a6
9. bxa6 Qa5 10. Qd2 Bxa6 11. Rc1 Nbd7 12. Nf3 Nb6 13. O-O Na4 14. Bxa6 Rxa6 15.
e5 Nxc3 16. exf6 exf6 17. bxc3 fxg5 18. Nxg5 h6 19. Nf3 Qxa2 20. Rfe1 Qc4 21.
Qe2 Qxe2 22. Rxe2 Rfa8 23. g3 Ra1 24. Rc2 Rxc1+ 25. Rxc1 Ra3 26. Nd2 Rxc3 27.
Rxc3 Bxc3 28. Nc4 Bd4 29. Nxd6 Kf8 30. Nc4 Ke7 31. g4 Kf6 32. Kg2 g5 33. f3 Kg6
34. Kf1 f5 35. Ke2 Kf6 36. Kd3 fxg4 37. fxg4 Bg1 38. h3 Bh2 39. Kc2 Ke7 40. Kb3
Kd7 41. Ka4 Kc7 42. Kb5 Bg1 43. Nd2 Be3 44. Ne4 Bd4 45. Ng3 Kd6 46. Kc4 Ke5 47.
Nf5 Bf2 48. Nxh6 Bg1 49. Nf7+ Kf6 50. Nd6 Ke5 51. Nb7 1-0

[Event "St.Petersburg Summer Open"]
[Site "St Petersburg RUS"]
[Date "2016.08.17"]
[Round "1.4"]
[White "Grausgruber, Rene"]
[Black "Vlasenko, Miroslav"]
[Result "0-1"]
[BlackTitle "IM"]
[WhiteElo "2014"]
[BlackElo "2423"]
[WhiteFideId "1610074"]
[BlackFideId "4151887"]
[EventDate "2016.08.17"]

1. e4 Nf6 2. Nc3 d5 3. exd5 Nxd5 4. Bc4 Nb6 5. Bb3 c5 6. Qh5 e6 7. d3 Nc6 8. Be3
g6 9. Qg5 f6 10. Qg3 Nd4 11. Bxd4 cxd4 12. Nb5 e5 13. Ne2 Bd7 14. a4 a6 15. Na3
Nxa4 16. O-O Nc5 17. Ba2 Bc6 18. Rfe1 Be7 19. f4 e4 20. f5 g5 21. h4 h6 22. dxe4
d3 23. Nc3 Qd4+ 24. Kh1 d2 25. Re3 Bd6 26. Qf3 O-O-O 27. Nc4 Bf4 28. Rd1 Bxe3
29. Nxe3 Nxe4 30. Be6+ Kb8 31. Ne2 Qxb2 32. Nc4 Qxc2 33. Ne3 Qd3 34. Bc4 Qd6 35.
Rb1 gxh4 36. Qf4 Qxf4 37. Nxf4 d1=Q+ 38. Rxd1 Nf2+ 39. Kh2 Nxd1 0-1

[Event "St.Petersburg Summer Open"]
[Site "St Petersburg RUS"]
[Date "2016.08.17"]
[Round "1.5"]
[White "Pasiev, Rakhim"]
[Black "Kiseleva, Arina"]
[Result "1-0"]
[WhiteTitle "IM"]
[BlackTitle "WCM"]
[WhiteElo "2407"]
[BlackElo "1999"]
[WhiteFideId "24122475"]
[BlackFideId "4164989"]
[EventDate "2016.08.17"]

1. Nc3 d5 2. d4 Nf6 3. Bg5 e6 4. e4 dxe4 5. Nxe4 Be7 6. Bxf6 Bxf6 7. Nf3 b6 8.
Bd3 Bb7 9. Qe2 Nd7 10. O-O-O Qe7 11. Kb1 O-O-O 12. Ba6 Nb8 13. Bxb7+ Kxb7 14. g4
h6 15. h4 g6 16. h5 g5 17. Nxf6 Qxf6 18. Qe4+ c6 19. Ne5 Qe7 20. f4 Rhf8 21. Qh7
Qc7 22. Qxh6 f6 23. Nd3 gxf4 24. Qxf4 Qd7 25. c3 Qh7 26. Rhe1 e5 27. Qe4 f5 28.
gxf5 exd4 29. Qe7+ Qxe7 30. Rxe7+ Rd7 31. Rxd7+ Nxd7 32. cxd4 Rxf5 33. Rh1 Rf7
34. Ne5 Rh7 35. Nxd7 Rxd7 36. h6 Rh7 37. Kc2 Kc7 38. Kd3 Kd6 39. Ke4 Ke6 40. b4
Kf6 41. a4 a6 42. a5 bxa5 43. bxa5 Kg6 44. Ke5 1-0

[Event "St.Petersburg Summer Open"]
[Site "St Petersburg RUS"]
[Date "2016.08.17"]
[Round "1.6"]
[White "Stepanov, Andrey"]
[Black "Kukhmazov, Arsen"]
[Result "0-1"]
[BlackTitle "IM"]
[WhiteElo "1995"]
[BlackElo "2399"]
[WhiteFideId "24198730"]
[BlackFideId "24108260"]
[EventDate "2016.08.17"]

1. e4 c6 2. d4 d5 3. Nc3 dxe4 4. Nxe4 Bf5 5. Ng3 Bg6 6. N1e2 e6 7. Nf4 Bd6 8. c3
Qh4 9. Qf3 Nd7 10. Nxg6 hxg6 11. Ne4 Be7 12. g3 Qh5 13. Qxh5 gxh5 14. h4 O-O-O
15. Bg2 c5 16. Be3 Ngf6 17. Nxc5 Nxc5 18. dxc5 Ng4 19. c6 bxc6 20. Bd4 c5 21.
Be3 Nxe3 22. fxe3 Rd3 23. Ke2 Rhd8 24. Rad1 Rxd1 25. Rxd1 Rxd1 26. Kxd1 Bd6 27.
Bf3 Bxg3 28. Bxh5 g6 29. Bf3 Bxh4 30. b4 Be7 31. Bc6 g5 32. b5 Kc7 33. c4 Kd6
34. Ke2 Ke5 35. a4 Bd8 36. Kf3 f5 37. Bb7 Bc7 38. Bc6 g4+ 39. Kg3 Kf6+ 40. Kh4
Ba5 41. Kg3 Kg5 42. Bd7 e5 43. Bc6 Be1+ 44. Kg2 f4 45. Kf1 Ba5 46. Ke2 Kh4 47.
Bd5 Kg3 48. Be6 f3+ 49. Kf1 Bd2 50. Bd5 e4 51. Bxe4 Bxe3 52. a5 Bf4 53. a6 Bc7
54. Bc2 Kf4 55. Kf2 g3+ 56. Kf1 Ke3 57. Bd1 g2+ 58. Kg1 Bg3 0-1

[Event "St.Petersburg Summer Open"]
[Site "St Petersburg RUS"]
[Date "2016.08.17"]
[Round "1.7"]
[White "Lamorelle, Julien"]
[Black "Zabolotnov, Evgeny"]
[Result "1-0"]
[WhiteTitle "FM"]
[WhiteElo "2376"]
[BlackElo "1994"]
[WhiteFideId "616010"]
[BlackFideId "34157619"]
[EventDate "2016.08.17"]

1. d4 d5 2. Nc3 Nf6 3. Bg5 c5 4. Bxf6 gxf6 5. Nf3 Nc6 6. e3 cxd4 7. exd4 e6 8.
Be2 Bd7 9. O-O Bd6 10. Qd2 Ne7 11. Rfe1 O-O 12. Qh6 Ng6 13. Bd3 Re8 14. Nh4 Bf4
15. Qh5 f5 16. Nxg6 hxg6 17. Qf3 Qc7 18. h4 Bd2 19. Red1 Bxc3 20. bxc3 Qxc3 21.
h5 Ba4 22. Qg3 Kg7 23. Rab1 b6 24. hxg6 fxg6 25. Qe5+ Kf7 26. Re1 Rac8 27. Ba6
Rc7 28. Re3 Qxc2 29. Bd3 Qc6 30. Rh3 Ke7 31. Qg7+ Kd8 32. Qxg6 Qd7 33. Qf6+ Kc8
34. Re1 Qf7 35. Qe5 Qg7 36. Qd6 Qd7 37. Qf4 Bb5 38. Bxb5 Qxb5 39. Rh6 Qc6 40.
Qe5 Kb7 41. Rf6 a5 42. g3 Ree7 43. Kg2 b5 44. Rf8 b4 45. Rd8 Red7 46. Re8 Re7
47. Rf8 Re8 48. Rf6 Ree7 49. Qe2 Qc4 50. Qe5 Qxa2 51. Rxe6 Rxe6 52. Qxe6 Qc4 53.
Qd6 Qc6 54. Qd8 Qd7 55. Qf8 Qf7 56. Qd6 f4 1-0

[Event "St.Petersburg Summer Open"]
[Site "St Petersburg RUS"]
[Date "2016.08.17"]
[Round "1.8"]
[White "Bezstrakhov, Dmitry"]
[Black "Karasev, Vladimir I"]
[Result "0-1"]
[BlackTitle "IM"]
[WhiteElo "1981"]
[BlackElo "2367"]
[WhiteFideId "34183768"]
[BlackFideId "4103971"]
[EventDate "2016.08.17"]

1. e4 c5 2. Nf3 e6 3. Nc3 a6 4. g3 b5 5. Bg2 Bb7 6. d3 d6 7. O-O Nd7 8. Rb1 Ngf6
9. a3 Qc7 10. Ne2 Rc8 11. b3 Be7 12. c4 O-O 13. Nc3 Bc6 14. Re1 Rb8 15. Nd5 Qd8
16. Nxe7+ Qxe7 17. Qc2 bxc4 18. Qxc4 Rfc8 19. Bb2 e5 20. Bh3 Nb6 21. Qxa6 Bd7
22. Bxd7 Qxd7 23. Qa5 Qg4 24. Nh4 g6 25. Qd2 Nh5 26. f3 Qe6 27. Bc3 Ra8 28. a4
Nd7 29. Ng2 Rcb8 30. Qc2 Nhf6 31. Ne3 h5 32. Kg2 h4 33. g4 d5 34. Bd2 d4 35. Nc4
Nh7 36. a5 Qf6 37. Rf1 g5 38. b4 cxb4 39. Bxb4 Nhf8 40. Bd2 Rc8 41. Rb5 Ng6 42.
Qb1 h3+ 43. Kg3 Nf4 44. Rb7 Nc5 45. Nb6 Qh6 46. Kf2 Qh4+ 47. Kg1 Ne2+ 48. Kh1
Ng3+ 49. Kg1 Nxf1 50. Kxf1 Nxb7 51. Nxc8 Rxc8 52. Qxb7 Rc2 53. Qb8+ Kh7 54. Qxe5
Rxd2 55. Qxd4 Rd1+ 0-1

[Event "St.Petersburg Summer Open"]
[Site "St Petersburg RUS"]
[Date "2016.08.17"]
[Round "1.9"]
[White "Afanasiev, Nikita"]
[Black "Pavlova, Natalia"]
[Result "0-1"]
[WhiteTitle "FM"]
[WhiteElo "2349"]
[BlackElo "1977"]
[WhiteFideId "24183555"]
[BlackFideId "24135615"]
[EventDate "2016.08.17"]

1. e4 c5 2. d3 Nc6 3. g3 g6 4. Bg2 Bg7 5. f4 d6 6. Nf3 Nf6 7. O-O O-O 8. h3 Ne8
9. c3 Rb8 10. Kh2 Nc7 11. a4 d5 12. Qe2 d4 13. e5 f5 14. Qc2 h6 15. Nbd2 Be6 16.
Nb3 Na6 17. Nh4 Kh7 18. Nd2 Na5 19. Ra3 Qd7 20. Ndf3 Rbc8 21. Qd1 Rfd8 22. cxd4
cxd4 23. Bd2 Nc6 24. Qe1 Nc7 25. b4 b5 26. Qa1 a6 27. axb5 axb5 28. Ne1 Bd5 29.
Nhf3 Ra8 30. Nc2 Rxa3 31. Nxa3 Be6 32. Re1 Bd5 33. Qb2 Ra8 34. Ra1 e6 35. Nc2
Rxa1 36. Qxa1 Bf8 37. Nfxd4 Bxg2 38. Kxg2 Nd5 39. Qb2 Ndxb4 40. Kh2 Nxc2 41.
Nxc2 Qxd3 42. Qc3 Qe2+ 43. Kg1 Qe4 44. Be3 b4 45. Qb3 Qf3 46. Kh2 Qd5 47. Qxd5
exd5 48. Nd4 Nxd4 49. Bxd4 Kg7 50. Kg2 Kf7 51. Kf3 Ke6 52. Ke2 Kd7 53. Kd3 Kc6
54. Kc2 Kb5 55. Kb3 Bc5 56. e6 Be7 57. h4 Kc6 58. Ka4 h5 59. Bf2 Kd6 60. Kxb4
Kxe6+ 61. Kc3 Kd6 62. Kd3 Kc6 63. Kc3 Bc5 64. Be1 Kb5 65. Kd3 Bg1 66. Kc3 Kc5
67. Kd3 d4 68. Ke2 Kc4 69. Kf1 Be3 70. Ke2 Bc1 71. Kd1 Bb2 72. Ke2 Bc3 73. Bf2
Bb4 74. Kf3 Kd3 75. Bg1 Bc3 0-1

[Event "St.Petersburg Summer Open"]
[Site "St Petersburg RUS"]
[Date "2016.08.17"]
[Round "1.10"]
[White "Levdansky, Alexey"]
[Black "Saveliev, Alexei"]
[Result "0-1"]
[WhiteElo "1973"]
[BlackElo "2339"]
[WhiteFideId "34107581"]
[BlackFideId "24128546"]
[EventDate "2016.08.17"]

1. d4 Nf6 2. c4 e6 3. g3 c5 4. d5 exd5 5. cxd5 g6 6. Bg2 d6 7. Nc3 Bg7 8. e4 O-O
9. Nf3 b5 10. Nd2 a6 11. O-O Nbd7 12. f4 Bb7 13. Kh1 Re8 14. Re1 c4 15. a3 Nc5
16. Re2 Qb6 17. Qg1 Qc7 18. e5 Nfd7 19. exd6 Qxd6 20. Rxe8+ Rxe8 21. Nde4 Nxe4
22. Nxe4 Qxd5 23. Nf6+ Nxf6 0-1

[Event "St.Petersburg Summer Open"]
[Site "St Petersburg RUS"]
[Date "2016.08.17"]
[Round "1.11"]
[White "Apryshko, Gleb"]
[Black "Talyansky, Seth D"]
[Result "1-0"]
[WhiteTitle "FM"]
[WhiteElo "2335"]
[BlackElo "1963"]
[WhiteFideId "24131792"]
[BlackFideId "30907730"]
[EventDate "2016.08.17"]

1. e4 e5 2. Nf3 Nc6 3. Bc4 Bc5 4. c3 Nf6 5. d3 a6 6. a4 Ba7 7. O-O d6 8. Nbd2
O-O 9. b4 Ne7 10. Bb3 Ng6 11. d4 Bg4 12. Qc2 Qe7 13. Re1 Nh5 14. h3 Be6 15. Nc4
Nhf4 16. dxe5 dxe5 17. Bxf4 Bxc4 18. Bg5 Qe6 19. Nd2 Bxb3 20. Qxb3 Rfe8 21. Qxe6
Rxe6 22. Nb3 h6 23. Bd2 Rd8 24. Kf1 Nf4 25. Bxf4 exf4 26. Rad1 Red6 27. Rd5 c6
28. Rxd6 Rxd6 29. Ke2 Rg6 30. Kf3 Rd6 31. Rc1 Kf8 32. Rc2 Ke7 33. h4 g5 34. hxg5
hxg5 35. Kg4 f6 36. c4 Ke6 37. c5 Rd3 38. Na5 Rd4 39. Rc4 Rd7 40. Rc1 Rd4 41.
Nxb7 Rxb4 42. Nd8+ Kd7 43. Rd1+ Kc7 44. Ne6+ Kc8 45. Rd8+ Kb7 46. Rd7+ Kb8 47.
Kf5 Rxa4 48. e5 fxe5 49. Kxe5 Ra2 50. Kd6 Rxf2 51. Kxc6 Bxc5 52. Rd8+ Ka7 53.
Nc7 1-0

[Event "St.Petersburg Summer Open"]
[Site "St Petersburg RUS"]
[Date "2016.08.17"]
[Round "1.12"]
[White "Sakorenko, Adriana"]
[Black "Dilmukhametov, Artur"]
[Result "0-1"]
[WhiteElo "1942"]
[BlackElo "2333"]
[WhiteFideId "34130249"]
[BlackFideId "24179922"]
[EventDate "2016.08.17"]

1. e4 e6 2. d4 d5 3. Nd2 Nf6 4. e5 Nfd7 5. Bd3 c5 6. c3 Nc6 7. Ne2 cxd4 8. cxd4
f6 9. exf6 Nxf6 10. Nf3 Bd6 11. O-O O-O 12. Bf4 Bxf4 13. Nxf4 Ne4 14. Qc1 Qf6
15. Ne2 Nd6 16. Qg5 Bd7 17. Rad1 Rac8 18. Qxf6 gxf6 19. Bb1 Nc4 20. b3 Na3 21.
Nf4 Nb4 22. Rfe1 Nxb1 23. Rxb1 Kf7 24. g3 a6 25. Re2 Rc3 26. Ne1 Rfc8 27. a3 Nc6
28. Rd2 Na5 29. Rdb2 b6 30. Ne2 R3c7 31. Nd3 Bb5 32. Ndf4 Nb7 33. a4 Bd7 34. Rd2
Nd6 35. Rdd1 b5 36. axb5 Bxb5 37. Rb2 Ne4 38. f3 Nd6 39. Kf2 Nf5 40. Rdd2 Ne7
41. Nd3 Nc6 42. Rbc2 e5 43. dxe5 fxe5 44. Ne1 d4 45. Nd3 Kf6 46. Nec1 Ne7 47.
Nb4 a5 48. Rxc7 Rxc7 49. Nbd3 Rc3 50. Ke2 Rxc1 0-1

[Event "St.Petersburg Summer Open"]
[Site "St Petersburg RUS"]
[Date "2016.08.17"]
[Round "1.13"]
[White "Pershin, Denis"]
[Black "Slugin, Yaroslav"]
[Result "1-0"]
[WhiteElo "2325"]
[BlackElo "1940"]
[WhiteFideId "24165506"]
[BlackFideId "34142913"]
[EventDate "2016.08.17"]

1. e4 c5 2. Nf3 Nc6 3. d4 cxd4 4. Nxd4 Nf6 5. Nc3 e6 6. Nxc6 bxc6 7. e5 Nd5 8.
Ne4 Qc7 9. f4 Qb6 10. c4 Ne3 11. Qd3 Bb4+ 12. Bd2 Ba6 13. b3 h6 14. Ke2 Nd5 15.
Kf3 O-O 16. Qc2 f5 17. Nf2 Bxd2 18. Qxd2 Nc7 19. Bd3 c5 20. Bc2 Bb7+ 21. Ke2
Bxg2 22. Rhg1 Qc6 23. Qe3 Rf7 24. Rad1 Ne8 25. Qg3 Be4 26. Nxe4 fxe4 27. Qg6 d5
28. cxd5 Qb5+ 29. Ke3 exd5 30. Rxd5 Qa5 31. Bxe4 Qxa2 32. e6 Rf6 33. Qh7+ Kf8
34. Rxg7 1-0

[Event "St.Petersburg Summer Open"]
[Site "St Petersburg RUS"]
[Date "2016.08.17"]
[Round "1.14"]
[White "Efremov, Vladislav"]
[Black "Borisovsky, Dmitry"]
[Result "1/2-1/2"]
[WhiteElo "1937"]
[BlackElo "2298"]
[WhiteFideId "44159935"]
[BlackFideId "34109410"]
[EventDate "2016.08.17"]

1. d4 Nf6 2. c4 g6 3. Nc3 d5 4. Bg5 Ne4 5. cxd5 Nxg5 6. h4 Ne4 7. Nxe4 Qxd5 8.
Nc3 Qd8 9. e3 Bg7 10. Nf3 c5 11. dxc5 Qa5 12. Qa4+ Qxa4 13. Nxa4 Bd7 14. Nc3
Bxc3+ 15. bxc3 Nc6 16. Nd4 Rc8 17. Nb3 O-O 18. Be2 Rfd8 19. O-O Bf5 20. Rfd1
Rxd1+ 21. Rxd1 Ne5 22. Rd5 Nd7 23. Nd4 Nf6 24. Re5 e6 25. c6 bxc6 26. Nxf5 gxf5
27. Ra5 Rc7 28. Bf3 c5 29. Rb5 1/2-1/2

[Event "St.Petersburg Summer Open"]
[Site "St Petersburg RUS"]
[Date "2016.08.17"]
[Round "1.15"]
[White "Sichinava, Zviad"]
[Black "Zavgorodniaya, Alena"]
[Result "1-0"]
[WhiteElo "2298"]
[BlackElo "1937"]
[WhiteFideId "24111716"]
[BlackFideId "4169956"]
[EventDate "2016.08.17"]

1. d4 d5 2. c4 c6 3. Nf3 Nf6 4. g3 dxc4 5. Bg2 e6 6. Ne5 Bb4+ 7. Nc3 Nd5 8. Bd2
b5 9. O-O a6 10. a4 Bb7 11. axb5 axb5 12. Rxa8 Bxa8 13. Qa1 Nb6 14. Be3 f6 15.
Qa7 O-O 16. Nf3 N8d7 17. Bf4 Nd5 18. Nxd5 cxd5 19. Ra1 Kh8 20. Bh3 f5 21. Ng5
Qe8 22. Ra6 Nf6 23. Nxe6 Rg8 24. Be5 Bf8 25. Qxa8 1-0

[Event "St.Petersburg Summer Open"]
[Site "St Petersburg RUS"]
[Date "2016.08.17"]
[Round "1.16"]
[White "Izotov, Yury"]
[Black "Lesovoi, Evgenij"]
[Result "0-1"]
[WhiteElo "1929"]
[BlackElo "2295"]
[WhiteFideId "24236829"]
[BlackFideId "24164135"]
[EventDate "2016.08.17"]

1. c4 Nf6 2. Nf3 c5 3. Nc3 b6 4. e4 d6 5. g3 Bb7 6. d3 g6 7. Bg2 Bg7 8. Bg5 Nc6
9. Qd2 h6 10. Bf4 e5 11. Be3 Ng4 12. O-O O-O 13. Nh4 a6 14. a4 Nb4 15. Rac1 Bc6
16. b3 Kh7 17. Bh3 Bd7 18. Bg2 b5 19. h3 Nxe3 20. fxe3 bxa4 21. bxa4 h5 22. Kh2
Bh6 23. Qe2 Kg7 24. Ra1 Rb8 25. Rf2 Qg5 26. Rf3 Rb7 27. Raf1 Be6 28. Nd5 Nxd5
29. exd5 Bd7 30. Rf6 Qxf6 31. Rxf6 Kxf6 32. g4 hxg4 33. hxg4 Kg7 34. Be4 Rfb8
35. Kg3 Rb2 36. Qf3 Bg5 37. Ng2 Bxa4 38. d4 cxd4 39. c5 dxe3 40. c6 Rf2 0-1

[Event "St.Petersburg Summer Open"]
[Site "St Petersburg RUS"]
[Date "2016.08.17"]
[Round "1.17"]
[White "Orlov, Oleg"]
[Black "Gatalov, Dmitriy"]
[Result "1-0"]
[WhiteTitle "FM"]
[WhiteElo "2289"]
[BlackElo "1919"]
[WhiteFideId "4166612"]
[BlackFideId "44153546"]
[EventDate "2016.08.17"]

1. Nf3 d5 2. c4 c6 3. g3 Nf6 4. Bg2 Bg4 5. Ne5 Bh5 6. cxd5 Nxd5 7. g4 Bg6 8. d4
e6 9. O-O Nd7 10. e4 Nc7 11. Nc4 Nb6 12. Na5 Rb8 13. f4 Bb4 14. Nxb7 Rxb7 15. f5
O-O 16. fxg6 hxg6 17. Be3 Qd7 18. a3 Be7 19. Qc2 Rd8 20. Nd2 a5 21. Nf3 Nb5 22.
Ne5 Nxd4 23. Qf2 Qe8 24. Bxd4 1-0

[Event "St.Petersburg Summer Open"]
[Site "St Petersburg RUS"]
[Date "2016.08.17"]
[Round "1.18"]
[White "Kuzmichev, Artem"]
[Black "Bazeev, German"]
[Result "1-0"]
[WhiteElo "1917"]
[BlackElo "2288"]
[WhiteFideId "34191850"]
[BlackFideId "24119350"]
[EventDate "2016.08.17"]

1. e4 c5 2. d4 cxd4 3. c3 Nf6 4. e5 Nd5 5. Nf3 Nc6 6. Bc4 e6 7. Bxd5 exd5 8. O-O
d6 9. Bg5 Qb6 10. exd6 Bxd6 11. Nxd4 O-O 12. Nb3 Be6 13. h3 Bb8 14. N1d2 d4 15.
cxd4 Qc7 16. Nf3 Bd5 17. g3 Qd7 18. Kg2 Qf5 19. Be3 Bd6 20. a3 h5 21. Nd2 Rfe8
22. Qb1 Qf6 23. Qd3 h4 24. g4 g6 25. Rfe1 Re6 26. Kf1 Be4 27. Nxe4 Qxf3 28. Ng5
Rxe3 29. Qxe3 Qh1+ 30. Ke2 Qd5 31. Rad1 Na5 32. Ne4 Kg7 33. Nxd6 Nc6 34. Ne4 Re8
35. Kf1 Re6 36. Qf4 Nxd4 37. g5 Re5 38. Qxh4 1-0

[Event "St.Petersburg Summer Open"]
[Site "St Petersburg RUS"]
[Date "2016.08.17"]
[Round "1.19"]
[White "Abramov, Nikita"]
[Black "Yakovlev, Yuri S."]
[Result "1-0"]
[WhiteTitle "FM"]
[WhiteElo "2276"]
[BlackElo "1891"]
[WhiteFideId "24198951"]
[BlackFideId "4173929"]
[EventDate "2016.08.17"]

1. e4 c5 2. Nf3 a6 3. c4 b6 4. Nc3 Bb7 5. d4 cxd4 6. Nxd4 e6 7. Be2 Nc6 8. Be3
Rc8 9. Nxc6 Bxc6 10. O-O Bc5 11. Bd4 Qg5 12. Kh1 h5 13. f4 Qh4 14. Bxg7 Rh7 15.
Bd4 Nh6 16. Bxc5 bxc5 17. Qe1 Qf6 18. e5 Qg7 19. Bf3 Ng4 20. Bxc6 Rxc6 21. Ne4
f5 22. Nd6+ Rxd6 23. exd6 Qd4 24. Rd1 Qxc4 25. Rf3 Qc2 26. Qd2 Qe4 27. Qa5 Rg7
28. Qxc5 Nf6 29. Rg1 Qe2 30. Qf2 Qxf2 31. Rxf2 Ne4 32. Rc2 Nxd6 33. Rd1 Ne4 34.
Kg1 d5 35. Rc8+ Kd7 36. Ra8 Kd6 37. Rxa6+ 1-0

[Event "St.Petersburg Summer Open"]
[Site "St Petersburg RUS"]
[Date "2016.08.17"]
[Round "1.20"]
[White "Shidlovskiy, Artemiy"]
[Black "Kuzmin, Yuriy"]
[Result "1/2-1/2"]
[WhiteElo "1884"]
[BlackElo "2275"]
[WhiteFideId "34106895"]
[BlackFideId "24122041"]
[EventDate "2016.08.17"]

1. d4 d5 2. c4 c6 3. Nf3 Nf6 4. e3 Bf5 5. Qb3 Qb6 6. cxd5 Qxb3 7. axb3 Nxd5 8.
Bd2 e6 9. Bc4 Bxb1 10. Rxb1 Bb4 11. Bxd5 Bxd2+ 12. Kxd2 exd5 13. Ne5 Nd7 14. Nd3
O-O-O 15. b4 a6 16. h4 Nf6 17. Rh3 Ne4+ 18. Ke2 Rhe8 19. g4 f6 20. Rg1 h6 21.
Nc5 Re7 22. g5 hxg5 23. Nxe4 Rxe4 24. hxg5 f5 25. f4 Rde8 26. Kd3 g6 27. Ra1 Kc7 1/2-1/2

[Event "St.Petersburg Summer Open"]
[Site "St Petersburg RUS"]
[Date "2016.08.17"]
[Round "1.21"]
[White "Kuzmin, Egor"]
[Black "Zhemchuzhina, Elizaveta"]
[Result "1-0"]
[WhiteTitle "FM"]
[WhiteElo "2266"]
[BlackElo "1867"]
[WhiteFideId "24101737"]
[BlackFideId "34106607"]
[EventDate "2016.08.17"]

1. Nf3 Nf6 2. d4 e6 3. c4 b6 4. a3 Bb7 5. Nc3 d5 6. Bg5 Be7 7. Qa4+ c6 8. Bxf6
Bxf6 9. cxd5 exd5 10. g3 O-O 11. Bg2 c5 12. Rd1 Qe7 13. O-O Nd7 14. Rfe1 Rfc8
15. Qb3 cxd4 16. Nxd5 Bxd5 17. Qxd5 Nc5 18. Nxd4 Bxd4 19. Qxd4 Rab8 20. Qd6 Qg5
21. Rd5 Qg4 22. Rd4 Qe6 23. Qxe6 Nxe6 24. Rd7 a5 25. Red1 Rd8 26. Bh3 Rxd7 27.
Rxd7 Nc5 28. Rd4 Kf8 29. b4 axb4 30. axb4 Na4 31. Bf5 h6 32. Bd3 Ke7 33. Rc4 Rb7
34. Rc2 b5 35. Kf1 Kd6 36. Ke1 Rb6 37. Kd2 f6 38. Ra2 Kc6 39. Be4+ Kc7 40. Bd3
Kc6 41. h4 g5 42. h5 Ra6 43. Rc2+ Kb6 44. Be4 Ka7 45. Rc7+ Kb8 46. Rb7+ Kc8 47.
Rxb5 Rb6 48. Rxb6 Nxb6 49. Kc3 Kc7 50. b5 Nd7 51. f4 gxf4 52. gxf4 Kd6 53. Bc6 1-0

[Event "St.Petersburg Summer Open"]
[Site "St Petersburg RUS"]
[Date "2016.08.17"]
[Round "1.22"]
[White "Sanarov, Leonid"]
[Black "Melnikov, Dmitry"]
[Result "0-1"]
[BlackTitle "FM"]
[WhiteElo "1856"]
[BlackElo "2262"]
[WhiteFideId "34132993"]
[BlackFideId "4146468"]
[EventDate "2016.08.17"]

1. c4 f5 2. g3 Nf6 3. Bg2 g6 4. Nc3 Bg7 5. Nf3 O-O 6. O-O d6 7. d4 Qe8 8. b3 e5
9. dxe5 dxe5 10. e4 Nc6 11. Re1 fxe4 12. Ng5 Bg4 13. Qc2 Nd4 14. Qb1 Nf3+ 15.
Bxf3 exf3 16. Ba3 Bf5 17. Qb2 e4 18. Nxf3 exf3 19. Rxe8 Rfxe8 20. Qc1 Ng4 21. h3
Ne5 22. g4 Bd3 23. Nd5 Be2 24. Rb1 Nd3 25. Qg5 Re5 26. Qh4 g5 27. Qh5 Rxd5 28.
Bc1 Re5 29. h4 gxh4 30. Qxh4 Re4 31. Qh5 Rae8 32. Bh6 Bxh6 33. Qxh6 Rxg4+ 34.
Kh2 Rg2+ 0-1

[Event "St.Petersburg Summer Open"]
[Site "St Petersburg RUS"]
[Date "2016.08.17"]
[Round "1.23"]
[White "Emdin, Mark"]
[Black "Pankova, Julia"]
[Result "1-0"]
[WhiteElo "2247"]
[BlackElo "1845"]
[WhiteFideId "4100050"]
[BlackFideId "34103276"]
[EventDate "2016.08.17"]

1. e4 c5 2. Nc3 Nc6 3. g3 g6 4. Bg2 Bg7 5. d3 d6 6. f4 e6 7. Nf3 Nge7 8. O-O O-O
9. Be3 Nd4 10. e5 Nef5 11. Bf2 d5 12. Nxd4 cxd4 13. Ne2 Ne3 14. Bxe3 dxe3 15. d4
Qb6 16. Qc1 Bd7 17. c3 Bc6 18. Rf3 a5 19. Rxe3 Qa6 20. Qd2 Rfc8 21. g4 b5 22.
Rf1 Bd7 23. Rg3 Qc6 24. f5 exf5 25. gxf5 b4 26. Nf4 bxc3 27. bxc3 Qb5 28. Nxd5
Kh8 29. fxg6 fxg6 30. Nf6 Rab8 31. Nxd7 Qxd7 32. Bh3 1-0